000 00372pab a2200157 454500
008 180718b2005 xxu||||| |||| 00| 0 eng d
100 _aNarasimham, M.
245 _aBanking sector reforms - looking ahead
260 _c2005
300 _ap.153-57.
362 _aAug
650 _aBanks - India
650 _aBanks
773 _aAsian Economic Review
909 _a66608
999 _c66608
_d66608